[Event "2nd Tal Memorial IM 2019"]
[Site "Anogia"]
[Date "2019.09.14"]
[Round "4.5"]
[White "Katopodis, Dimitrios"]
[Black "Lekic, Dusan"]
[Result "1/2-1/2"]
[WhiteElo "2265"]
[BlackElo "2331"]
[Annotator "NA"]
[PlyCount "105"]
[EventDate "2019.09.11"]
[EventType "tourn"]
[EventCountry "GRE"]
[SourceTitle "playchess.com"]
[Source "ChessBase"]
[SourceQuality "1"]
[TimeControl "40/5400+30:1800+30"]

1. c4 {[%emt 0:02:33]} e5 {[%emt 0:00:29]} 2. g3 {[%emt 0:00:16]} Nf6 {[%emt 0:00:24]} 3. Bg2 {[%emt 0:00:10]} d5 {[%emt 0:01:10]} 4. cxd5 {[%emt 0:00:08]} Nxd5 {[%emt 0:00:05]} 5. Nf3 {[%emt 0:01:40]} Nc6 {[%emt 0:00:16]} 6. O-O {[%emt 0:00:14]} Be7 {[%emt 0:02:52]} 7. d4 {[%emt 0:01:53]} e4 {[%emt 0:02:07]} 8. Ne5 {[%emt 0:00:07]} f5 {[%emt 0:00:38]} 9. Nxc6 {[%emt 0:00:29]} bxc6 {[%emt 0:00:06]} 10. Qa4 {[%emt 0:04:38]} Qd6 {[%emt 0:08:17]} 11. Nd2 {[%emt 0:02:49]} Nb6 {[%emt 0:02:09]} 12. Qc2 {[%emt 0:01:57]} a5 {[%emt 0:16:48]} 13. Nb3 {[%emt 0:04:06]} a4 {[%emt 0:03:14]} 14. Nc5 {[%emt 0:06:58]} Qxd4 {[%emt 0:01:04]} 15. Be3 {[%emt 0:03:22]} Qc4 {[%emt 0:02:38]} 16. Qxc4 {[%emt 0:05:48]} Nxc4 {[%emt 0:00:08]} 17. Bd4 {[%emt 0:01:57]} O-O {[%emt 0:12:50]} 18. Rac1 {[%emt 0:03:09]} Nb6 {[%emt 0:03:18]} 19. f3 {[%emt 0:03:28]} Rd8 {[%emt 0:01:56]} 20. Rfd1 {[%emt 0:06:39]} Bg5 {[%emt 0:06:44]} 21. e3 {[%emt 0:04:33]} Nd5 {[%emt 0:02:09]} 22. Kf2 {[%emt 0:03:58]} exf3 {[%emt 0:05:40]} 23. Bxf3 {[%emt 0:00:30]} Ra5 {[%emt 0:02:24]} 24. Nd3 {[%emt 0:06:12]} Bd7 {[%emt 0:03:45]} 25. Nf4 {[%emt 0:17:25]} Nxf4 {[%emt 0:03:30]} 26. exf4 {[%emt 0:02:03]} Be7 {[%emt 0:00:16]} 27. Be5 {[%emt 0:01:38]} Be6 {[%emt 0:00:47]} 28. Rxc6 {[%emt 0:04:33]} Rxd1 {[%emt 0:02:13]} 29. Bxd1 {[%emt 0:00:56]} Bxa2 {[%emt 0:01:20]} 30. Rxc7 {[%emt 0:00:51]} Bf6 {[%emt 0:00:10]} 31. Bh5 {[%emt 0:01:36]} Ra8 {[%emt 0:01:12]} 32. Bf3 {[%emt 0:00:56]} Bxe5 {[%emt 0:01:07]} 33. fxe5 {[%emt 0:01:35]} Rb8 {[%emt 0:00:23]} 34. Bb7 {[%emt 0:00:44]} Re8 {[%emt 0:01:30]} 35. Rc8 {[%emt 0:00:38]} Rxc8 {[%emt 0:01:12]} 36. Bxc8 {[%emt 0:00:06]} g6 {[%emt 0:00:20]} 37. Ke3 {[%emt 0:00:21]} Kf7 {[%emt 0:00:12]} 38. Kf4 {[%emt 0:05:12]} h6 {[%emt 0:00:22]} 39. h4 {[%emt 0:00:36]} Bb1 {[%emt 0:00:20]} 40. Bd7 {[%emt 0:00:00]} Bc2 {[%emt 0:00:00]} 41. Bb5 {[%emt 0:05:09]} Ke6 {[%emt 0:00:59]} 42. Bc4+ {[%emt 0:00:26]} Ke7 {[%emt 0:00:07]} 43. Bd5 {[%emt 0:01:15]} Bb1 {[%emt 0:01:07]} 44. Bg8 {[%emt 0:02:44]} Be4 {[%emt 0:01:05]} 45. g4 {[%emt 0:04:07]} Bc2 {[%emt 0:00:16]} 46. g5 {[%emt 0:01:49]} hxg5+ {[%emt 0:00:18]} 47. Kxg5 {[%emt 0:00:19]} Bb3 {[%emt 0:00:06]} 48. Bh7 {[%emt 0:04:51]} Bf7 {[%emt 0:00:22]} 49. h5 {[%emt 0:02:32]} gxh5 {[%emt 0:00:08]} 50. Bxf5 {[%emt 0:00:12]} Be6 {[%emt 0:00:12]} 51. Bc2 {[%emt 0:00:19]} Bb3 {[%emt 0:00:10]} 52. Bf5 {[%emt 0:00:21]} Bd1 {[%emt 0:00:39]} 53. Kh4 {[%emt 0:00:52]} 1/2-1/2

[Event "2nd Tal Memorial IM 2019"]
[Site "Anogia"]
[Date "2019.09.15"]
[Round "5.2"]
[White "Bogdanov, Egor"]
[Black "Katopodis, Dimitrios"]
[Result "1/2-1/2"]
[WhiteElo "2422"]
[BlackElo "2265"]
[Annotator "NA"]
[PlyCount "80"]
[EventDate "2019.09.11"]
[EventType "tourn"]
[EventCountry "GRE"]
[SourceTitle "playchess.com"]
[Source "ChessBase"]
[SourceQuality "1"]
[TimeControl "40/5400+30:1800+30"]

1. e4 {[%emt 0:04:12]} e5 {[%emt 0:00:21]} 2. Nf3 {[%emt 0:00:04]} Nc6 {[%emt 0:00:05]} 3. Nc3 {[%emt 0:00:53]} Nf6 {[%emt 0:04:52]} 4. d4 {[%emt 0:00:11]} exd4 {[%emt 0:00:10]} 5. Nxd4 {[%emt 0:00:05]} Bc5 {[%emt 0:02:29]} 6. Nxc6 {[%emt 0:01:47]} bxc6 {[%emt 0:00:43]} 7. Bd3 {[%emt 0:00:55]} O-O {[%emt 0:00:31]} 8. O-O {[%emt 0:00:47]} Re8 {[%emt 0:02:21]} 9. Qf3 {[%emt 0:04:19]} d6 {[%emt 0:05:26]} 10. Bg5 {[%emt 0:14:25]} Bd4 {[%emt 0:01:43]} 11. Qg3 {[%emt 0:01:46]} Nh5 {[%emt 0:18:00]} 12. Qh4 {[%emt 0:01:45]} Bf6 {[%emt 0:01:48]} 13. Bxf6 {[%emt 0:08:42]} Nxf6 {[%emt 0:00:51]} 14. f4 {[%emt 0:00:37]} Nd7 {[%emt 0:01:55]} 15. Qxd8 {[%emt 0:02:17]} Rxd8 {[%emt 0:00:06]} 16. Rae1 {[%emt 0:01:41]} Rb8 {[%emt 0:01:48]} 17. b3 {[%emt 0:00:08]} Nc5 {[%emt 0:00:06]} 18. Bc4 {[%emt 0:01:34]} Re8 {[%emt 0:03:06]} 19. a3 {[%emt 0:04:09]} a5 {[%emt 0:01:18]} 20. h3 {[%emt 0:07:14]} Bd7 {[%emt 0:04:11]} 21. Re2 {[%emt 0:00:10]} Kf8 {[%emt 0:02:43]} 22. Rd1 {[%emt 0:01:36]} Re7 {[%emt 0:02:20]} 23. e5 {[%emt 0:12:05]} dxe5 {[%emt 0:02:26]} 24. fxe5 {[%emt 0:01:39]} Bf5 {[%emt 0:00:20]} 25. Rf1 {[%emt 0:01:29]} Bg6 {[%emt 0:08:43]} 26. e6 {[%emt 0:07:05]} Rd8 {[%emt 0:06:05]} 27. b4 {[%emt 0:00:00]} axb4 {[%emt 0:00:04]} 28. axb4 {[%emt 0:00:00]} Rd4 {[%emt 0:02:22]} 29. exf7 {[%emt 0:09:06]} Rxe2 {[%emt 0:00:26]} 30. Bxe2 {[%emt 0:00:15]} Rxb4 {[%emt 0:02:12]} 31. Ra1 {[%emt 0:00:46]} Bxc2 {[%emt 0:02:46]} 32. Ra7 {[%emt 0:02:02]} Rb7 {[%emt 0:02:46]} 33. Ra5 {[%emt 0:01:49]} Ne4 {[%emt 0:06:04]} 34. Bc4 {[%emt 0:00:51]} Rb8 {[%emt 0:00:17]} 35. Nxe4 {[%emt 0:00:12]} Bxe4 {[%emt 0:00:07]} 36. Ra7 {[%emt 0:00:06]} Bd5 {[%emt 0:04:49]} 37. Bxd5 {[%emt 0:00:14]} cxd5 {[%emt 0:00:06]} 38. Rxc7 {[%emt 0:00:03]} d4 {[%emt 0:01:32]} 39. Rd7 {[%emt 0:00:10]} d3 {[%emt 0:00:13]} 40. Rxd3 {[%emt 0:00:00]} Kxf7 {[%emt 0:00:00]} 1/2-1/2

[Event "2nd Tal Memorial IM 2019"]
[Site "Anogia"]
[Date "2019.09.15"]
[Round "5.3"]
[White "Sokolovsky, Yahli"]
[Black "Logothetis, Sotirios"]
[Result "1/2-1/2"]
[WhiteElo "2239"]
[BlackElo "2167"]
[Annotator "NA"]
[PlyCount "73"]
[EventDate "2019.09.11"]
[EventType "tourn"]
[EventCountry "GRE"]
[SourceTitle "playchess.com"]
[Source "ChessBase"]
[SourceQuality "1"]
[TimeControl "40/5400+30:1800+30"]

1. e4 {[%emt 0:00:00]} c6 {[%emt 0:00:38]} 2. d4 {[%emt 0:00:00]} d5 {[%emt 0:00:05]} 3. Nc3 {[%emt 0:00:00]} dxe4 {[%emt 0:00:08]} 4. Nxe4 {[%emt 0:00:00]} Bf5 {[%emt 0:00:08]} 5. Ng3 {[%emt 0:00:19]} Bg6 {[%emt 0:00:07]} 6. N1e2 {[%emt 0:00:22]} Nd7 {[%emt 0:05:24]} 7. Nf4 {[%emt 0:01:05]} e5 {[%emt 0:07:05]} 8. Nxg6 {[%emt 0:01:03]} hxg6 {[%emt 0:00:06]} 9. dxe5 {[%emt 0:01:10]} Qa5+ {[%emt 0:00:21]} 10. Bd2 {[%emt 0:00:27]} Qxe5+ {[%emt 0:00:07]} 11. Qe2 {[%emt 0:00:06]} Qxe2+ {[%emt 0:01:37]} 12. Bxe2 {[%emt 0:00:11]} Ngf6 {[%emt 0:00:21]} 13. O-O {[%emt 0:08:13]} O-O-O {[%emt 0:05:15]} 14. Rad1 {[%emt 0:03:43]} Bd6 {[%emt 0:14:01]} 15. Rfe1 {[%emt 0:07:24]} Rhe8 {[%emt 0:02:43]} 16. Be3 {[%emt 0:18:06]} Bc5 {[%emt 0:02:47]} 17. Bxc5 {[%emt 0:07:04]} Nxc5 {[%emt 0:00:12]} 18. Bc4 {[%emt 0:06:52]} Rxd1 {[%emt 0:03:40]} 19. Rxd1 {[%emt 0:00:08]} Re7 {[%emt 0:00:36]} 20. f3 {[%emt 0:08:06]} b5 {[%emt 0:02:10]} 21. Bb3 {[%emt 0:05:13]} a5 {[%emt 0:03:12]} 22. c3 {[%emt 0:00:35]} Nxb3 {[%emt 0:00:59]} 23. axb3 {[%emt 0:00:02]} Kc7 {[%emt 0:00:26]} 24. Kf2 {[%emt 0:00:28]} Re8 {[%emt 0:03:41]} 25. Ne2 {[%emt 0:02:29]} Nd7 {[%emt 0:09:51]} 26. Nd4 {[%emt 0:04:29]} Nc5 {[%emt 0:03:12]} 27. g4 {[%emt 0:03:06]} a4 {[%emt 0:06:23]} 28. b4 {[%emt 0:03:26]} Ne6 {[%emt 0:00:59]} 29. Re1 {[%emt 0:05:05]} Kd7 {[%emt 0:00:43]} 30. Rd1 {[%emt 0:06:00]} Nxd4 {[%emt 0:02:43]} 31. Rxd4+ {[%emt 0:00:02]} Kc7 {[%emt 0:00:45]} 32. h4 {[%emt 0:00:57]} f6 {[%emt 0:02:16]} 33. Rd2 {[%emt 0:04:10]} Ra8 {[%emt 0:03:00]} 34. Re2 {[%emt 0:01:48]} Kd7 {[%emt 0:00:12]} 35. Rd2+ {[%emt 0:00:26]} Kc7 {[%emt 0:02:25]} 36. Re2 {[%emt 0:01:37]} Kd7 {[%emt 0:00:05]} 37. Rd2+ {[%emt 0:01:03]} 1/2-1/2

[Event "2nd Tal Memorial IM 2019"]
[Site "Anogia"]
[Date "2019.09.15"]
[Round "5.4"]
[White "Grieve, Harry"]
[Black "Peng, Li Min"]
[Result "0-1"]
[WhiteElo "2277"]
[BlackElo "2465"]
[Annotator "ChessBase"]
[PlyCount "74"]
[EventDate "2019.09.11"]
[EventType "tourn"]
[EventCountry "GRE"]
[SourceTitle "playchess.com"]
[Source "ChessBase"]
[SourceQuality "1"]
[TimeControl "40/5400+30:1800+30"]

1. e4 {[%emt 0:00:00]} e6 {[%emt 0:01:11]} 2. d4 {[%emt 0:00:00]} d5 {[%emt 0:00:09]} 3. Nd2 {[%emt 0:00:02]} c5 {[%emt 0:01:22]} 4. exd5 {[%emt 0:00:25]} exd5 {[%emt 0:00:03]} 5. Ngf3 {[%emt 0:01:41]} Nc6 {[%emt 0:00:10]} 6. Bb5 {[%emt 0:06:12]} Qe7+ {[%emt 0:00:05]} 7. Qe2 {[%emt 0:00:56]} Qxe2+ {[%emt 0:06:29]} 8. Kxe2 {[%emt 0:07:31]} a6 {[%emt 0:00:01]} 9. Bxc6+ {[%emt 0:00:15]} bxc6 {[%emt 0:00:03]} 10. dxc5 {[%emt 0:08:49]} Bxc5 {[%emt 0:00:10]} 11. Nb3 {[%emt 0:00:06]} Bd6 {[%emt 0:01:38]} 12. Be3 {[%emt 0:00:23]} a5 {[%emt 0:01:23]} 13. a4 {[%emt 0:06:35]} Ne7 {[%emt 0:11:40]} 14. Bb6 {[%emt 0:07:29]} Ba6+ {[%emt 0:03:05]} 15. Kd2 {[%emt 0:05:24]} Kd7 {[%emt 0:00:22]} 16. Nc5+ {[%emt 0:06:38]} Kc8 {[%emt 0:00:01]} 17. b4 {[%emt 0:08:13]} axb4 {[%emt 0:02:04]} 18. Rhb1 {[%emt 0:01:14]} d4 {[%emt 0:00:33]} 19. Nxa6 {[%emt 0:03:49]} Rxa6 {[%emt 0:00:30]} 20. Bxd4 {[%emt 0:00:07]} c5 {[%emt 0:00:20]} 21. Be3 {[%emt 0:09:23]} Nd5 {[%emt 0:01:10]} 22. Kd3 {[%emt 0:02:45]} Kb7 {[%emt 0:03:11]} 23. Kc4 {[%emt 0:04:45]} Nc3 {[%emt 0:00:02]} 24. Re1 {[%emt 0:02:06]} Nxa4 {[%emt 0:00:15]} 25. Kb3 {[%emt 0:09:27]} Rha8 {[%emt 0:02:09]} 26. Nd2 {[%emt 0:00:17]} Be5 {[%emt 0:01:56]} 27. Rxa4 {[%emt 0:05:47]} Rxa4 {[%emt 0:00:07]} 28. Nc4 {[%emt 0:00:05]} Ra3+ {[%emt 0:01:03]} 29. Nxa3 {[%emt 0:00:06]} Rxa3+ {[%emt 0:00:05]} 30. Kc4 {[%emt 0:00:05]} Kc6 {[%emt 0:00:01]} 31. Bd2 {[%emt 0:00:40]} Bc3 {[%emt 0:00:02]} 32. Kd3 {[%emt 0:00:32]} c4+ {[%emt 0:01:10]} 33. Ke2 {[%emt 0:00:08]} Bxd2 {[%emt 0:00:14]} 34. Kxd2 {[%emt 0:00:05]} Ra2 {[%emt 0:00:01]} 35. Re8 {[%emt 0:02:01]} b3 {[%emt 0:00:26]} 36. Rc8+ {[%emt 0:00:08]} Kd5 {[%emt 0:00:12]} 37. Rd8+ {[%emt 0:00:22]} Ke5 {[%emt 0:00:39]} 0-1

[Event "2nd Tal Memorial IM 2019"]
[Site "Anogia"]
[Date "2019.09.16"]
[Round "6.1"]
[White "Goumas, Georgios"]
[Black "Sidiropoulos, Nikolaos"]
[Result "1-0"]
[WhiteElo "2417"]
[BlackElo "2160"]
[Annotator "ChessBase"]
[PlyCount "67"]
[EventDate "2019.09.11"]
[EventType "tourn"]
[EventCountry "GRE"]
[SourceTitle "playchess.com"]
[Source "ChessBase"]
[SourceQuality "1"]
[TimeControl "40/5400+30:1800+30"]

1. e4 {[%emt 0:05:23]} c6 {[%emt 0:00:09]} 2. Nf3 {[%emt 0:00:14]} d5 {[%emt 0:00:08]} 3. Nc3 {[%emt 0:00:11]} Nf6 {[%emt 0:00:13]} 4. e5 {[%emt 0:00:19]} Ne4 {[%emt 0:00:10]} 5. Ne2 {[%emt 0:00:27]} Qb6 {[%emt 0:00:36]} 6. d4 {[%emt 0:00:31]} e6 {[%emt 0:00:36]} 7. Ng3 {[%emt 0:01:05]} c5 {[%emt 0:02:21]} 8. Bd3 {[%emt 0:00:58]} Nxg3 {[%emt 0:01:26]} 9. fxg3 {[%emt 0:00:16]} Nc6 {[%emt 0:05:11]} 10. O-O {[%emt 0:00:12]} h6 {[%emt 0:01:41]} 11. Kh1 {[%emt 0:01:21]} Bd7 {[%emt 0:08:57]} 12. dxc5 {[%emt 0:00:43]} Bxc5 {[%emt 0:00:46]} 13. a3 {[%emt 0:00:10]} Be3 {[%emt 0:05:25]} 14. b4 {[%emt 0:01:46]} Bxc1 {[%emt 0:01:16]} 15. Rxc1 {[%emt 0:00:15]} Ne7 {[%emt 0:06:18]} 16. Qe2 {[%emt 0:02:12]} a6 {[%emt 0:01:25]} 17. c3 {[%emt 0:06:02]} g6 {[%emt 0:09:54]} 18. g4 {[%emt 0:03:26]} Rc8 {[%emt 0:12:25]} 19. Qd2 {[%emt 0:12:43]} Bb5 {[%emt 0:03:26]} 20. Bxb5+ {[%emt 0:01:31]} axb5 {[%emt 0:00:37]} 21. Nd4 {[%emt 0:02:23]} Nc6 {[%emt 0:11:13]} 22. Qf4 {[%emt 0:05:43]} Nd8 {[%emt 0:13:17]} 23. Rf3 {[%emt 0:02:28]} Rh7 {[%emt 0:01:57]} 24. Rcf1 {[%emt 0:00:54]} Rc4 {[%emt 0:03:38]} 25. Qf6 {[%emt 0:12:51]} Rxd4 {[%emt 0:02:22]} 26. cxd4 {[%emt 0:00:16]} Qxd4 {[%emt 0:00:06]} 27. a4 {[%emt 0:14:44]} h5 {[%emt 0:05:40]} 28. g5 {[%emt 0:01:58]} h4 {[%emt 0:00:48]} 29. h3 {[%emt 0:00:11]} Qxb4 {[%emt 0:01:23]} 30. axb5 {[%emt 0:00:22]} Qxb5 {[%emt 0:00:37]} 31. Ra3 {[%emt 0:00:17]} Qc5 {[%emt 0:00:23]} 32. Ra8 {[%emt 0:00:34]} Qe7 {[%emt 0:00:10]} 33. Qf4 {[%emt 0:01:14]} Rh8 {[%emt 0:00:46]} 34. Rc1 {[%emt 0:00:45]} 1-0

[Event "2nd Tal Memorial IM 2019"]
[Site "Anogia"]
[Date "2019.09.16"]
[Round "6.3"]
[White "Logothetis, Sotirios"]
[Black "Grieve, Harry"]
[Result "0-1"]
[WhiteElo "2167"]
[BlackElo "2277"]
[Annotator "ChessBase"]
[PlyCount "76"]
[EventDate "2019.09.11"]
[EventType "tourn"]
[EventCountry "GRE"]
[SourceTitle "playchess.com"]
[Source "ChessBase"]
[SourceQuality "1"]
[TimeControl "40/5400+30:1800+30"]

1. d4 {[%emt 0:00:00]} d5 {[%emt 0:00:00]} 2. c4 {[%emt 0:00:00]} e6 {[%emt 0:00:00]} 3. Nc3 {[%emt 0:00:00]} c6 {[%emt 0:00:14]} 4. e3 {[%emt 0:00:00]} f5 {[%emt 0:00:47]} 5. Nf3 {[%emt 0:00:29]} Nf6 {[%emt 0:00:48]} 6. Be2 {[%emt 0:00:53]} Bd6 {[%emt 0:01:39]} 7. Ne5 {[%emt 0:00:24]} O-O {[%emt 0:01:33]} 8. O-O {[%emt 0:00:39]} b6 {[%emt 0:01:25]} 9. Bd2 {[%emt 0:03:11]} Bb7 {[%emt 0:01:25]} 10. cxd5 {[%emt 0:02:45]} exd5 {[%emt 0:01:38]} 11. f4 {[%emt 0:00:20]} c5 {[%emt 0:09:01]} 12. Be1 {[%emt 0:04:23]} Ne4 {[%emt 0:00:19]} 13. Nxe4 {[%emt 0:11:28]} fxe4 {[%emt 0:00:35]} 14. Bc3 {[%emt 0:00:43]} Nc6 {[%emt 0:08:44]} 15. Nxc6 {[%emt 0:25:33]} Bxc6 {[%emt 0:00:42]} 16. g4 {[%emt 0:00:31]} c4 {[%emt 0:05:33]} 17. b3 {[%emt 0:08:08]} b5 {[%emt 0:01:20]} 18. bxc4 {[%emt 0:00:21]} bxc4 {[%emt 0:03:33]} 19. g5 {[%emt 0:01:57]} Bd7 {[%emt 0:02:52]} 20. Bg4 {[%emt 0:01:38]} Qc8 {[%emt 0:05:19]} 21. h3 {[%emt 0:03:39]} Rb8 {[%emt 0:04:24]} 22. Bxd7 {[%emt 0:03:26]} Qxd7 {[%emt 0:00:10]} 23. Qg4 {[%emt 0:00:05]} Qxg4+ {[%emt 0:13:31]} 24. hxg4 {[%emt 0:00:30]} Rb6 {[%emt 0:03:50]} 25. Rac1 {[%emt 0:06:16]} Rfb8 {[%emt 0:04:12]} 26. Rf2 {[%emt 0:04:42]} Ra6 {[%emt 0:04:14]} 27. Rfc2 {[%emt 0:04:15]} Ra3 {[%emt 0:03:02]} 28. Kf2 {[%emt 0:01:33]} Rb6 {[%emt 0:03:13]} 29. Ke2 {[%emt 0:00:48]} Be7 {[%emt 0:03:33]} 30. Kf2 {[%emt 0:00:38]} Rba6 {[%emt 0:03:44]} 31. Ra1 {[%emt 0:00:37]} Kf7 {[%emt 0:01:54]} 32. Ke2 {[%emt 0:00:53]} h6 {[%emt 0:03:42]} 33. gxh6 {[%emt 0:00:21]} Rxh6 {[%emt 0:00:15]} 34. Rf1 {[%emt 0:00:44]} Rh4 {[%emt 0:01:42]} 35. g5 {[%emt 0:00:27]} Kg6 {[%emt 0:01:29]} 36. Kd1 {[%emt 0:00:42]} Rh3 {[%emt 0:01:37]} 37. Re1 {[%emt 0:00:22]} a5 {[%emt 0:01:18]} 38. Kc1 {[%emt 0:00:36]} Rxc3 {[%emt 0:01:12]} 0-1

[Event "2nd Tal Memorial IM 2019"]
[Site "Anogia"]
[Date "2019.09.16"]
[Round "6.4"]
[White "Katopodis, Dimitrios"]
[Black "Sokolovsky, Yahli"]
[Result "1-0"]
[WhiteElo "2265"]
[BlackElo "2239"]
[Annotator "NA"]
[PlyCount "77"]
[EventDate "2019.09.11"]
[EventType "tourn"]
[EventCountry "GRE"]
[SourceTitle "playchess.com"]
[Source "ChessBase"]
[SourceQuality "1"]
[TimeControl "40/5400+30:1800+30"]

1. d4 {[%emt 0:01:52]} Nf6 {[%emt 0:00:00]} 2. Nf3 {[%emt 0:01:07]} g6 {[%emt 0:00:00]} 3. g3 {[%emt 0:00:07]} Bg7 {[%emt 0:00:00]} 4. Bg2 {[%emt 0:00:07]} O-O {[%emt 0:00:04]} 5. O-O {[%emt 0:00:10]} d6 {[%emt 0:00:11]} 6. b3 {[%emt 0:02:36]} c5 {[%emt 0:00:31]} 7. c4 {[%emt 0:01:09]} cxd4 {[%emt 0:00:54]} 8. Nxd4 {[%emt 0:00:09]} d5 {[%emt 0:00:46]} 9. cxd5 {[%emt 0:00:46]} Nxd5 {[%emt 0:01:05]} 10. Bb2 {[%emt 0:00:07]} Na6 {[%emt 0:23:07]} 11. Na3 {[%emt 0:03:07]} Nac7 {[%emt 0:06:34]} 12. Nc4 {[%emt 0:03:33]} Ne6 {[%emt 0:18:32]} 13. e3 {[%emt 0:02:47]} Nxd4 {[%emt 0:10:45]} 14. Bxd4 {[%emt 0:00:32]} Bxd4 {[%emt 0:07:14]} 15. Qxd4 {[%emt 0:00:11]} Nb6 {[%emt 0:00:47]} 16. Rfd1 {[%emt 0:02:55]} Qxd4 {[%emt 0:04:37]} 17. Rxd4 {[%emt 0:00:19]} Be6 {[%emt 0:03:04]} 18. Bxb7 {[%emt 0:02:49]} Rad8 {[%emt 0:01:34]} 19. Nxb6 {[%emt 0:02:27]} Rxd4 {[%emt 0:00:41]} 20. exd4 {[%emt 0:00:09]} axb6 {[%emt 0:02:22]} 21. d5 {[%emt 0:01:18]} Bd7 {[%emt 0:00:41]} 22. Rc1 {[%emt 0:01:11]} Rd8 {[%emt 0:00:45]} 23. Rc7 {[%emt 0:01:32]} Kf8 {[%emt 0:00:14]} 24. Bc6 {[%emt 0:00:50]} Bh3 {[%emt 0:01:32]} 25. f3 {[%emt 0:02:54]} e6 {[%emt 0:01:30]} 26. Bd7 {[%emt 0:00:24]} Bf5 {[%emt 0:01:36]} 27. dxe6 {[%emt 0:05:15]} Ke7 {[%emt 0:03:12]} 28. Bc8+ {[%emt 0:01:29]} Kf6 {[%emt 0:02:13]} 29. Rxf7+ {[%emt 0:00:21]} Ke5 {[%emt 0:00:09]} 30. Bd7 {[%emt 0:00:13]} Bxe6 {[%emt 0:00:21]} 31. Bxe6 {[%emt 0:00:21]} Kxe6 {[%emt 0:00:21]} 32. Rxh7 {[%emt 0:00:31]} Rd1+ {[%emt 0:00:27]} 33. Kg2 {[%emt 0:00:33]} Rd2+ {[%emt 0:00:10]} 34. Kh3 {[%emt 0:00:11]} Rxa2 {[%emt 0:00:18]} 35. Rb7 {[%emt 0:00:07]} Ra6 {[%emt 0:00:38]} 36. b4 {[%emt 0:00:22]} Kf5 {[%emt 0:00:40]} 37. b5 {[%emt 0:00:25]} Ra3 {[%emt 0:00:01]} 38. f4 {[%emt 0:00:43]} g5 {[%emt 0:01:25]} 39. fxg5 {[%emt 0:00:16]} 1-0

[Event "2nd Tal Memorial IM 2019"]
[Site "Anogia"]
[Date "2019.09.16"]
[Round "6.5"]
[White "Lekic, Dusan"]
[Black "Bogdanov, Egor"]
[Result "1/2-1/2"]
[WhiteElo "2331"]
[BlackElo "2422"]
[Annotator "NA"]
[PlyCount "20"]
[EventDate "2019.09.11"]
[EventType "tourn"]
[EventCountry "GRE"]
[SourceTitle "playchess.com"]
[Source "ChessBase"]
[SourceQuality "1"]
[TimeControl "40/5400+30:1800+30"]

1. d4 {[%emt 0:00:54]} d5 {[%emt 0:00:00]} 2. c4 {[%emt 0:00:04]} e6 {[%emt 0:00:00]} 3. Nf3 {[%emt 0:00:05]} Nf6 {[%emt 0:00:00]} 4. Nc3 {[%emt 0:00:04]} Be7 {[%emt 0:00:00]} 5. Bf4 {[%emt 0:00:04]} O-O {[%emt 0:00:00]} 6. e3 {[%emt 0:00:04]} c6 {[%emt 0:00:07]} 7. Rc1 {[%emt 0:00:05]} Nbd7 {[%emt 0:00:03]} 8. a3 {[%emt 0:00:05]} dxc4 {[%emt 0:00:04]} 9. Bxc4 {[%emt 0:00:04]} Nb6 {[%emt 0:00:01]} 10. Bd3 {[%emt 0:00:13]} Nfd5 {[%emt 0:00:04]} 1/2-1/2

[Event "2nd Tal Memorial IM 2019"]
[Site "Anogia"]
[Date "2019.09.17"]
[Round "7.2"]
[White "Sokolovsky, Yahli"]
[Black "Lekic, Dusan"]
[Result "1/2-1/2"]
[WhiteElo "2239"]
[BlackElo "2331"]
[Annotator "ChessBase"]
[PlyCount "65"]
[EventDate "2019.09.11"]
[EventType "tourn"]
[EventCountry "GRE"]
[SourceTitle "playchess.com"]
[Source "ChessBase"]
[SourceQuality "1"]
[TimeControl "40/5400+30:1800+30"]

1. e4 {[%emt 0:00:00]} e5 {[%emt 0:00:00]} 2. Nf3 {[%emt 0:00:00]} Nc6 {[%emt 0:00:00]} 3. Bb5 {[%emt 0:00:02]} a6 {[%emt 0:00:08]} 4. Ba4 {[%emt 0:00:10]} Nf6 {[%emt 0:00:07]} 5. d3 {[%emt 0:00:33]} d6 {[%emt 0:01:57]} 6. c3 {[%emt 0:00:15]} g6 {[%emt 0:00:48]} 7. O-O {[%emt 0:00:22]} Bg7 {[%emt 0:00:08]} 8. Re1 {[%emt 0:00:22]} O-O {[%emt 0:00:49]} 9. Nbd2 {[%emt 0:00:23]} Re8 {[%emt 0:01:27]} 10. h3 {[%emt 0:00:25]} h6 {[%emt 0:04:48]} 11. Nf1 {[%emt 0:06:14]} b5 {[%emt 0:01:03]} 12. Bc2 {[%emt 0:00:05]} Bb7 {[%emt 0:01:17]} 13. Ng3 {[%emt 0:01:43]} d5 {[%emt 0:03:49]} 14. a4 {[%emt 0:18:53]} Nb8 {[%emt 0:10:11]} 15. axb5 {[%emt 0:13:00]} axb5 {[%emt 0:00:07]} 16. Rxa8 {[%emt 0:00:03]} Bxa8 {[%emt 0:00:04]} 17. d4 {[%emt 0:10:27]} Nxe4 {[%emt 0:19:01]} 18. Nxe4 {[%emt 0:04:32]} dxe4 {[%emt 0:00:21]} 19. Nxe5 {[%emt 0:02:11]} Nd7 {[%emt 0:02:06]} 20. Bxe4 {[%emt 0:17:05]} Bxe4 {[%emt 0:13:52]} 21. Rxe4 {[%emt 0:00:25]} Nxe5 {[%emt 0:01:08]} 22. Qe1 {[%emt 0:05:43]} g5 {[%emt 0:06:13]} 23. f4 {[%emt 0:03:49]} gxf4 {[%emt 0:01:31]} 24. Bxf4 {[%emt 0:00:07]} f6 {[%emt 0:00:13]} 25. Re3 {[%emt 0:07:56]} Qd5 {[%emt 0:01:46]} 26. Kh1 {[%emt 0:04:16]} Re6 {[%emt 0:01:45]} 27. Qe2 {[%emt 0:00:47]} Ng6 {[%emt 0:09:32]} 28. Rxe6 {[%emt 0:00:57]} Nxf4 {[%emt 0:00:06]} 29. Re8+ {[%emt 0:00:19]} Kf7 {[%emt 0:00:23]} 30. Re7+ {[%emt 0:00:41]} Kf8 {[%emt 0:00:17]} 31. Re8+ {[%emt 0:02:56]} Kf7 {[%emt 0:00:06]} 32. Re7+ {[%emt 0:00:44]} Kf8 {[%emt 0:00:06]} 33. Re8+ {[%emt 0:00:32]} 1/2-1/2